عرض عادي
عرض مارك
- Laudon, Kenneth C.,
مدخل إسم شخص
001 - رقم الضبط
- حقل الضبط: 52157
003 - معرف رقم الضبط
- حقل الضبط: OSt
005 - تاريخ ووقت أخر عملية
- حقل الضبط: 20151012203912.0
008 - عناصر بيانات ثابتة الطول
- حقل تحكم ثابت الطول: 151012|| aca||aabn | a|a d
040 ## - مصدر الفهرسة
- هيئة الفهرسة الأصلية: OSt
- وكالة الكتابة: OSt
100 ## - مدخل -- أسم شخص
- إسم شخص: Laudon, Kenneth C.,
- تواريخ مرتبطة بالاسم: 1944-
- مصطلح الرابط: author.
670 ## - بيانات المصدر موجوده
- الاستشهاد بالمصدر: Work cat.: (OSt)0: Laudon, Kenneth C., 1944- author., E-commerce :
